000 00774nam a2200193 i 4500
001 40553
003 ES-MaACL
005 20250804061422.0
007 t|
008 030306s1970 sp ||||1| spa d
100 1 _aCapel Margarito, Manuel.
_934813
245 1 3 _aLa Carolina, capital de las nuevas poblaciones
_b: un ensayo de reforma socio-económica de España en el siglo XVIII /
_cManuel Capel Margarito ; prólogo Vicente Palacio Atard.
260 _a[Jaén] :
_bInstituto de Estudios Giennenses,
_c1970.
300 _aXXIV, 367 p., 16 lám. :
_b1 plan., 1 gráf. ;
_c24 cm.
700 1 _aPalacio Atard, Vicente,
_d1920-2013
_988374
710 2 0 _aInstituto de Estudios Giennenses
_94904
852 _aES-MaACL
_jC-41788
_bR.74667
999 _c40553
_d40553